Paragraph writing (Record no. 6695)

MARC details
000 -LEADER
fixed length control field 00710 a2200193 4500
005 - DATE AND TIME OF LATEST TRANSACTION
control field 20080905112426.0
008 - FIXED-LENGTH DATA ELEMENTS--GENERAL INFORMATION
fixed length control field 080905t xxu||||| |||| 00| 0 eng d
010 ## - LIBRARY OF CONGRESS CONTROL NUMBER
LC control number ENG-87555
020 ## - INTERNATIONAL STANDARD BOOK NUMBER
International Standard Book Number 8175641185
Terms of availability 125.00
035 ## - SYSTEM CONTROL NUMBER
System control number EN-71088
037 ## - SOURCE OF ACQUISITION
Source of stock number/acquisition DBAD / PUB
082 ## - DEWEY DECIMAL CLASSIFICATION NUMBER
Classification number 428.2
245 ## - TITLE STATEMENT
Title Paragraph writing
Statement of responsibility, etc edited by S.K. Puri
260 ## - PUBLICATION, DISTRIBUTION, ETC. (IMPRINT)
Place of publication, distribution, etc Delhi
Name of publisher, distributor, etc Sahni Publications
Date of publication, distribution, etc 2007
270 ## - ADDRESS
Address 4777, Mitra Gali, Roshanara Road,
City Delhi
Postal code 110 007
300 ## - PHYSICAL DESCRIPTION
Extent 150 p.
Dimensions 18 cm (Hb.)
942 ## - ADDED ENTRY ELEMENTS (KOHA)
Institution code [OBSOLETE] dpl
Koha item type English Books
Call number prefix 428.2/PAR
Source of classification or shelving scheme Dewey Decimal Classification
Classification part 428.2
Call number suffix PAR
Holdings
Withdrawn status Lost status Damaged status Not for loan Collection code Home library Current library Date acquired Cost, normal purchase price Total Checkouts Full call number Barcode Date last seen Copy number Uniform Resource Identifier Cost, replacement price Price effective from Koha item type
      Not For Loan Non-fiction D.B.Act.Division D.B.Act.Division 05/09/2008 125.00   428.2 PAR EN-71088 15/09/2008 1 7197 125.00 15/09/2008 English Books

© Delhi Public Library
Hit Counter
free hit counter